=LDR 00000nam 2200000 4500 =001 INLIS000000000029797 =005 20130612132012 =008 ***********************************Ind** =035 ##$$0010-061300000029797 =041 ##$$a Ind =082 ##$$a 636.9 =090 ##$$a 636.9, Pur s =100 ##$$a Purwantoro, Arie W =245 ##$$a Sansevieria, Flora cantik penyedap racun, Arie W Purwanto =260 ##$$a 2006 $b Yogykarta =300 ##$$a 68 hlm, ilus, 20 cm =650 ##$$a Tanaman Hias =850 ##$$a NBPNMAT